00677nam a2200169Ia 4500008004100000020001800041041000800059082001700067100004500084245016100129250000600290260003900296300001300335650000900348999001900357952013100376210716s2017 xx 000 0 und d a9781787121089 aeng a005.132 PRAP aPrakash, PKS;Rao, Achyutuni Sri Krishna. aR deep learning cookbook: solve complex neural net problems with TensorFlow H2O and MXNet.bSolve complex neural net problems with TensorFlow H2O and MXNet. a1 aMumbaibPackt Publishing Ltdc2017 aviii,270 aNone c196731d196731 001040708MCAaAIMITbAIMITeKnowledge Worldg799.00l0o005.132 PRAPpMCA16246r2025-07-21 00:00:00v599.25w2021-07-16yBK